Most Populated Territories - Statistics

General Stats
  • This quiz has been taken 31 times
  • The average score is 5 of 10
Answer Stats
Population Territory % Correct
7,604,299 Hong Kong
93%
2,829,812 Puerto Rico
82%
314,169 French Guiana
57%
56,973 Greenland
57%
374,087 Martinique
46%
908,061 Reunion
46%
399,794 Guadeloupe
43%
286,259 Mayotte
36%
626,161 Western Sahara
32%
5,345,541 Palestine
29%
No matching quizzes found
Score Distribution
Percent of People with Each Score
Percentile by Number Answered
Your Score History
You have not taken this quiz